000 00409nam a2200157 i 4500
001 63851
003 ES-MaACL
005 20230906165002.0
007 t|
008 031217s1965 sp ||||1| spa d
100 1 _aFilarribas.
_950823
245 1 0 _aCatálogo de barcos /
_cFilarribas.
260 _aZaragoza :
_b[s.n.],
_c1965.
300 _a120 p. :
_bil. ;
_c21 cm.
852 _aES-MaACL
_jC-30335
_bR.57025
999 _c63851
_d63851